Responses for Show #4339 - Thursday, June 12, 2003

Contestants

[<< previous game]

Jenn Hilley, a high school English teacher from Orlando, Florida

Kevin Rugg, a material scientist from Los Angeles, California

Tara Gallagher, a bookkeeper from Seattle, Washington (whose 1-day cash winnings total $25,300)

[next game >>]

Jeopardy! Round responses

MEDICINE MEN
...AND ON DRUMS
A BEASTLY CATEGORY
"F"OOD
ON THE STAGE
THIS CATEGORY IS ABBREVIATED
(Alex: You'll find out what that's all about when we get into it!)
    $200 11
genes

Tara
    $200 4
The Beatles

Tara
    $200 16
goosebumps

Tara
    $200 21
flank steak

Jenn
    $200 1
(Alex: Oh, it's appropriate that you got that one!)

Ireland

Tara
    $200 26
Her Royal Highness

Tara
    $400 12
blood

Kevin
    $400 7
Phil Collins

Jenn
    $400 17
rabbit test

Tara
    $400 22
French Dip Sandwich

Tara
    $400 2
Edie Falco

Tara
    $400 27
Federal Aviation Administration

Tara
    $600 13
cholesterol

Tara
    $600 8
(Jenn: Who is Bill Wyman?)

Charlie Watts

TaraJenn
    $600 18
Sopwith Camel

Tara
    $600 23
fudge

Tara
    $600 3
Macaulay Culkin

Jenn
    $600 28
(Kevin: What is liquid propane gas?)

liquefied petroleum gas

Kevin
    $800 14
heart transplant

Tara
    $800 9
Marvin Gaye

Tara
    $800 19
The Sacramento Bee

Jenn
    $800 24
fortune cookie factory

Triple Stumper
    $800 5
Ontario

Jenn
    $800 29
Federal Deposit Insurance Corporation

Tara
    $1,800 15
ultrasound

Tara
    $1000 10
Def Leppard

Jenn
    $1000 20
"Snake" Plissken

Kevin
    $1000 25
farina

Tara
    $1000 6
Sarah Bernhardt

Triple Stumper
    $1000 30
Air Force Reserve Officers' Training Corps

Jenn

Scores at the first commercial break (after clue 15):

Tara Kevin Jenn
$5,600 $400 $2,200

Scores at the end of the Jeopardy! Round:

Tara Kevin Jenn
$10,200 $2,000 $4,200

Double Jeopardy! Round responses

A U.S. "CITY"
TOP-RATED TV SHOWS
WHO WAS PRESIDENT WHEN...
INTERNATIONAL ORGANIZATIONS
'80s BESTSELLERS
FOREIGN 2-LETTER WORDS
    $400 1
Dodge City

Tara
    $400 21
(Kevin: What is "M*A*S*H?")
(Tara: What is "Seinfeld?")

Cheers

TaraKevin
Triple Stumper
    $400 7
Franklin D. Roosevelt (1941)

Tara
    $400 12
The Salvation Army

Tara
    $400 6
Carl Sagan

Tara
    $400 26
Si Si Si

Tara
    $800 2
(Jenn: What is Kansas City?)

Jefferson City

KevinJenn
    $800 22
Roots

Kevin
    $800 8
Jimmy Carter (1979)

Tara
    $800 13
Tibet

Kevin
    $800 17
"Cujo"

Tara
    $800 27
et

Jenn
    $1200 3
Oklahoma City

Kevin
    $1200 23
John Wayne

Tara
    $1200 9
Ronald Reagan (1983)

Tara
    $1200 14
Switzerland

Kevin
    $1200 18
Judith Krantz

Triple Stumper
    $1200 28
du

Tara
    $1600 4
Culver City

Tara
    $1600 24
Ed Sullivan

Tara
    $1600 10
George H.W. Bush (1989)

Tara
    $1600 15
OPEC

Tara
    $1600 19
"Queen of the Damned"

Jenn
    $2,400 29
(Alex: "Il Trovatore" & "La Traviata")

il & la

Tara
    $2000 5
Daly City

Kevin
    $2000 25
(Jenn: What is "In Cold Blood?")

The Day After

TaraJenn
    $4,000 11
Gerald Ford (1975)

Tara
    $2000 16
(Jenn: What is the Pan Asian Health Organization?)
(Tara: What is the Pan Africa Health Organization?)

Pan American Health Organization

TaraKevinJenn
    $2000 20
"Breathing Lessons"

Jenn
    $2000 30
ai (as in aioli)

Triple Stumper

Scores at the end of the Double Jeopardy! Round:

Tara Kevin Jenn
$29,800 $10,400 $3,800
(lock game)

[wagering suggestions for these scores]

Final Jeopardy! Round responses

MUSEUMS
(Alex: That was a little detail from Las Meninas (The Maids of Honor) by Velázquez. Very well-known painting. If you saw the whole thing you'd recognize it immediately, I'm sure, by Velázquez. And Spanish, so the most prominent Spanish museum you'd think of would be the [*].)
JennWhat is The Louvre?
$3,000
KevinWhat is The Louvre?
$18
TaraWhat is the Amsterdam Museum
$8,999
the Prado

Final scores:

Tara Kevin Jenn
$20,801 $10,382 $800
2-day champion: $46,101 2nd place: $2,000 3rd place: $1,000

Game dynamics:

Coryat scores:

Tara Kevin Jenn
$26,200 $10,400 $3,800
35 R
(including 3 DDs),
2 W
10 R,
1 W
10 R,
4 W

Combined Coryat: $40,400

[game clues] [game scores] [suggest correction]

Game tape date: 2003-02-19
The J! Archive is created by fans, for fans. Scraping, republication, monetization, and malicious use prohibited; this site may use cookies and collect identifying information. See terms. The Jeopardy! game show and all elements thereof, including but not limited to copyright and trademark thereto, are the property of Jeopardy Productions, Inc. and are protected under law. This website is not affiliated with, sponsored by, or operated by Jeopardy Productions, Inc. Join the discussion at JBoard.tv.